[Event "FRA Team Ch"]
[Site "Montpellier"]
[Date "2001.04.29"]
[Round "9.2"]
[White "Komarov, Dimitri"]
[Black "Chuchelov, Vladimir"]
[Result "1/2-1/2"]
[WhiteElo "2540"]
[BlackElo "2539"]
[Annotator "Drancy-Cappelle"]
[PlyCount "70"]
[EventDate "2001.04.??"]

1. d4 Nf6 2. c4 e6 3. Nf3 b6 4. Nc3 Bb4 5. Qb3 c5 6. Bg5 Bb7 7. Rd1 O-O 8. e3
cxd4 9. exd4 Be7 10. Be2 h6 11. Bf4 d5 12. Ne5 Nc6 13. Nxc6 Bxc6 14. O-O Qd7
15. Be5 dxc4 16. Bxc4 Nd5 17. Bxd5 exd5 18. Rd3 Rfe8 19. Qd1 f6 20. Bg3 Bf8 21.
Re1 Rxe1+ 22. Qxe1 b5 23. Re3 b4 24. Ne2 g5 25. Nc1 Bb5 26. h3 Rc8 27. Nd3 a5
28. Kh2 Kf7 29. Rf3 Bxd3 30. Rxd3 Qa4 31. Rf3 Rc6 32. Qe2 Re6 33. Be5 Qc6 34.
Qd3 Kg7 35. Qf5 35... Be7 {et nulle au 49eme coup.} 1/2-1/2

[Event "FRA Team Ch"]
[Site "Montpellier"]
[Date "2001.04.29"]
[Round "9.3"]
[White "Winants, Luc"]
[Black "David, Alberto"]
[Result "0-1"]
[WhiteElo "2515"]
[BlackElo "2521"]
[Annotator "Cappelle-Drancy"]
[PlyCount "76"]
[EventDate "2001.04.??"]

1. d4 Nf6 2. Nf3 g6 3. Nc3 d5 4. Bf4 Bg7 5. e3 O-O 6. Be2 c5 7. dxc5 Qa5 8. Nd2
Qxc5 9. Nb3 Qb6 10. Be5 Qd8 11. Bf3 Nbd7 12. Bg3 Nb6 13. O-O Bf5 14. Qe2 Qc8
15. Rfd1 Ne4 16. Bxe4 dxe4 17. Qb5 Bg4 18. Re1 Qc4 19. Qg5 Qe6 20. Nd4 Qd7 21.
h3 Bf5 22. Nxf5 gxf5 23. Rad1 Qe6 24. Nb5 Qf6 25. Qxf6 Bxf6 26. b3 a6 27. Nd4
e6 28. c4 Rac8 29. Ne2 Rfd8 30. Rxd8+ Bxd8 31. Rd1 Kf8 32. Be5 Ke8 33. g4 fxg4
34. hxg4 Nd7 35. Bd4 Bc7 36. Bb2 Ne5 37. Nc3 Nd3 38. Ba1 38... f5 {Temps} 0-1

[Event "FRA Team Ch"]
[Site "Montpellier"]
[Date "2001.04.29"]
[Round "9.4"]
[White "Moracchini, Fabrice"]
[Black "Jossien, Arnaud"]
[Result "0-1"]
[WhiteElo "2316"]
[BlackElo "2319"]
[Annotator "Drancy-Cappelle"]
[PlyCount "72"]
[EventDate "2001.04.??"]

1. d4 e6 2. c4 b6 3. Nc3 Bb7 4. Qc2 f5 5. e3 Nf6 6. f3 Be7 7. Bd3 O-O 8. Nge2
c5 9. d5 Kh8 10. O-O exd5 11. cxd5 Nxd5 12. Bxf5 Nb4 13. Qb1 g6 14. Be4 d5 15.
Rd1 Bd6 16. Bc2 Qh4 17. f4 N8a6 18. a3 Nxc2 19. Qxc2 Rad8 20. Bd2 Bb8 21. b4 d4
22. Ne4 Qe7 23. N2g3 cxb4 24. axb4 Nxb4 25. Qb1 Nd5 26. exd4 a5 27. Re1 Qg7 28.
Kh1 h6 29. f5 gxf5 30. Nc3 Bxg3 31. hxg3 Qxg3 32. Ne2 Qh4+ 33. Kg1 Rg8 34. g3
Rxg3+ 35. Nxg3 Qxg3+ 36. Kf1 Qf3+ 0-1

[Event "FRA Team Ch"]
[Site "Montpellier"]
[Date "2001.04.29"]
[Round "9.5"]
[White "Carlier, Bruno"]
[Black "Doornbos, Yann"]
[Result "1-0"]
[WhiteElo "2392"]
[BlackElo "2359"]
[Annotator "Cappelle-Drancy"]
[PlyCount "136"]
[EventDate "2001.04.??"]

1. Nf3 d5 2. g3 Bg4 3. Bg2 Nd7 4. d4 e6 5. O-O Ngf6 6. c4 c6 7. Qc2 Bd6 8. Nbd2
O-O 9. e4 Nxe4 10. Nxe4 Bf5 11. Nfd2 dxe4 12. Nxe4 Nf6 13. Nxf6+ Qxf6 14. Qc3
Rfd8 15. Be3 Rd7 16. b4 Rad8 17. Rac1 Qg6 18. Qb3 h5 19. Rfd1 h4 20. Rd2 Be7
21. Rcd1 h3 22. Bh1 Qh5 23. f3 Bh7 24. Kf2 Bf6 25. b5 c5 26. d5 exd5 27. cxd5
Be7 28. Qc4 b6 29. a4 Bd6 30. Re2 Bf8 31. Red2 Qe5 32. f4 Qf6 33. Re2 Bf5 34.
Bf3 Qg6 35. Bc1 Bg4 36. Bb2 Qf5 37. Re5 Bxf3 38. Rxf5 Bxd1 39. Rg5 Rd6 40. Re5
f6 41. Re3 Bh5 42. f5 Rxd5 43. Bc3 R8d6 44. g4 Bf7 45. Qf4 Rd3 46. g5 fxg5 47.
Qxg5 c4 48. Rxd3 cxd3 49. Ke1 Bb3 50. Kd2 Rd7 51. f6 Bc2 52. fxg7 Bxg7 53. Bxg7
Rxg7 54. Qd8+ Kf7 55. Qd7+ Kg6 56. Qe6+ Kg5 57. Qxh3 Rf7 58. Qg3+ Kh6 59. h4
Rg7 60. Qf3 Rg6 61. Kc3 Rg7 62. Kd2 Rg6 63. a5 bxa5 64. Qe3+ Kh5 65. Qxa7 Rg2+
66. Ke3 Bb1 67. Qh7+ Kg4 68. Qe4+ Kg3 1-0

[Event "FRA Team Ch"]
[Site "Montpellier"]
[Date "2001.04.29"]
[Round "9.6"]
[White "Salaun, Yann"]
[Black "Marchyllie, Bruno"]
[Result "1-0"]
[WhiteElo "2391"]
[BlackElo "2182"]
[Annotator "Drancy-Cappelle"]
[PlyCount "49"]
[EventDate "2001.04.??"]

1. e4 e5 2. Nf3 Nc6 3. Bb5 a6 4. Ba4 d6 5. Bxc6+ bxc6 6. d4 f6 7. Nh4 g6 8. O-O
Bg7 9. Nc3 Nh6 10. Bxh6 Bxh6 11. Nf5 gxf5 12. Qh5+ Ke7 13. Qxh6 Qf8 14. Qh4
exd4 15. Ne2 c5 16. Rfe1 Kd8 17. Nf4 Qf7 18. e5 Re8 19. exf6 Re5 20. Rxe5 dxe5
21. Nd3 Be6 22. Nxe5 Qf8 23. f7+ Kc8 24. Qf6 Bd7 25. Re1 1-0

[Event "FRA Team Ch"]
[Site "Montpellier"]
[Date "2001.04.29"]
[Round "9.7"]
[White "Cappon, John"]
[Black "Giffard, Nicolas"]
[Result "0-1"]
[WhiteElo "2188"]
[BlackElo "2393"]
[Annotator "Cappelle-Drancy"]
[PlyCount "56"]
[EventDate "2001.04.??"]

1. e4 c6 2. d4 d5 3. Nd2 dxe4 4. Nxe4 Nd7 5. Ng5 Ngf6 6. Bd3 e6 7. N1f3 Bd6 8.
Qe2 h6 9. Ne4 Nxe4 10. Qxe4 c5 11. c3 cxd4 12. Nxd4 Nc5 13. Bb5+ Kf8 14. Qe2 a6
15. Bc4 b5 16. Bb3 Nxb3 17. Nxb3 Bb7 18. O-O Qc7 19. f4 g5 20. Nd4 gxf4 21.
Bxf4 Bxf4 22. Nxe6+ fxe6 23. Qxe6 Rh7 24. Qf6+ Rf7 25. Qh8+ Ke7 26. Rae1+ Kd7
27. Rd1+ Kc6 28. Qd4 Qb6 0-1

[Event "FRA Team Ch"]
[Site "Montpellier"]
[Date "2001.04.29"]
[Round "9.8"]
[White "Borne, Niels"]
[Black "Catteau, Bruno"]
[Result "1/2-1/2"]
[WhiteElo "2322"]
[BlackElo "2193"]
[Annotator "Drancy-Cappelle"]
[PlyCount "81"]
[EventDate "2001.04.??"]

1. d4 d5 2. c4 c6 3. Nf3 e6 4. g3 f5 5. Bg2 Nf6 6. O-O Bd6 7. Nc3 O-O 8. Qc2
Qe7 9. Rb1 b6 10. Bf4 Bxf4 11. gxf4 Ba6 12. cxd5 cxd5 13. Rfc1 Bb7 14. Ne5 Nbd7
15. Qd3 a6 16. Rc2 Rfc8 17. Rbc1 b5 18. Nb1 Nb6 19. b3 Rxc2 20. Rxc2 Rc8 21.
Rxc8+ Nxc8 22. Qc2 Qd6 23. Nd3 Ne4 24. f3 Nf6 25. e3 h6 26. Qc5 Qd8 27. a4 bxa4
28. bxa4 Nd7 29. Qc2 Qa5 30. Nd2 Kh7 31. Bf1 Ne7 32. Qb2 Bc6 33. Qb4 Qxb4 34.
Nxb4 Bxa4 35. Bxa6 Nb6 36. Kf2 Kg6 37. Nd3 Kf6 38. Nf1 Bb3 39. Ne5 Ba4 40. Ng3
g6 41. Ne2 1/2-1/2

[Event "FRA Team Ch"]
[Site "Montpellier"]
[Date "2001.04.29"]
[Round "9.9"]
[White "Husson, Cybele"]
[Black "Barakoff, Annie"]
[Result "1/2-1/2"]
[WhiteElo "2036"]
[BlackElo "1740"]
[Annotator "Cappelle-Drancy"]
[PlyCount "34"]
[EventDate "2001.04.??"]

1. e4 c6 2. d3 d5 3. Nd2 Nd7 4. g3 Ngf6 5. Bg2 e5 6. Ne2 Bc5 7. O-O O-O 8. c3
dxe4 9. dxe4 Qe7 10. Nc4 b5 11. Na5 Qe6 12. Qc2 Bb6 13. Nb3 Bb7 14. a4 a6 15.
Kh1 c5 16. f4 c4 17. Nd2 Qe7 1/2-1/2

[Event "FRA Team Ch"]
[Site "Montpellier"]
[Date "2001.04.30"]
[Round "10.4"]
[White "Miralles, Gilles"]
[Black "Nataf, Igor-Alexandre"]
[Result "1/2-1/2"]
[WhiteElo "2473"]
[BlackElo "2552"]
[Annotator "Monaco-Clichy"]
[PlyCount "64"]
[EventDate "2001.04.??"]

1. e4 c5 2. Nf3 Nc6 3. Bb5 e6 4. O-O Nge7 5. c3 a6 6. Ba4 b5 7. Bc2 Bb7 8. Qe2
Ng6 9. a4 b4 10. d4 bxc3 11. bxc3 cxd4 12. cxd4 Nb4 13. Bb3 Be7 14. Bd2 O-O 15.
a5 f5 16. e5 Be4 17. Ne1 Nc6 18. Qe3 Rb8 19. Bc2 Bd5 20. Nc3 f4 21. Qh3 Bc4 22.
Bd3 Bxd3 23. Qxd3 Nxa5 24. Nf3 Nc6 25. Qxa6 Nh4 26. Nxh4 Bxh4 27. Qd3 Qb6 28.
Ra4 Nb4 29. Qe4 Qc6 30. Qxc6 Nxc6 31. d5 exd5 32. Nxd5 Rb5 1/2-1/2

[Event "FRA Team Ch"]
[Site "Montpellier"]
[Date "2001.04.30"]
[Round "10.5"]
[White "Tregubov, Pavel"]
[Black "Hauchard, Arnaud"]
[Result "1/2-1/2"]
[WhiteElo "2628"]
[BlackElo "2527"]
[Annotator "Clichy-Monaco"]
[PlyCount "105"]
[EventDate "2001.04.??"]

1. d4 Nf6 2. c4 e6 3. Nf3 d5 4. Nc3 dxc4 5. Qa4+ c6 6. Qxc4 b5 7. Qd3 Nbd7 8.
e4 b4 9. Na4 Qa5 10. b3 c5 11. e5 Nd5 12. Bd2 Be7 13. Rc1 cxd4 14. Qxd4 O-O 15.
Bd3 Ba6 16. O-O Bxd3 17. Qxd3 N7b6 18. Nd4 Nxa4 19. Nc6 Nb2 20. Qxd5 exd5 21.
Nxa5 Nd3 22. Rc7 Bd8 23. Rd7 Bxa5 24. Rxd5 Nxf2 25. Rxa5 Nd3 26. Rf3 Rfd8 27.
Bg5 Rd7 28. Bh4 Rc8 29. h3 h6 30. Kh2 Rc2 31. Bg3 Nc1 32. Rf2 Rxf2 33. Bxf2 Rd2
34. Bxa7 Rxa2 35. Rxa2 Nxa2 36. Be3 Kf8 37. Kg3 Ke7 38. Kf3 Ke6 39. Ke4 Nc3+
40. Kd4 h5 41. Bd2 Nd5 42. Ke4 Nc3+ 43. Bxc3 bxc3 44. Kd3 h4 45. Kxc3 Kxe5 46.
Kc4 Kd6 47. Kd4 f5 48. b4 g5 49. b5 g4 50. b6 Kc6 51. Ke5 Kxb6 52. Kxf5 gxh3
53. Ke4 1/2-1/2

[Event "FRA Team Ch"]
[Site "Montpellier"]
[Date "2001.04.30"]
[Round "10.6"]
[White "Efimov, Igor"]
[Black "Renet, Olivier"]
[Result "0-1"]
[WhiteElo "2465"]
[BlackElo "2494"]
[Annotator "Monaco-Clichy"]
[PlyCount "103"]
[EventDate "2001.04.??"]

1. d4 d5 2. c4 e6 3. Nf3 Nf6 4. g3 dxc4 5. Qa4+ Bd7 6. Qxc4 c5 7. dxc5 Bc6 8.
Nc3 Nbd7 9. Be3 Rc8 10. Rd1 Bxc5 11. Bxc5 Bxf3 12. exf3 Rxc5 13. Qa4 a6 14. Be2
O-O 15. O-O Qc7 16. Qd4 Nb6 17. Ne4 Nxe4 18. fxe4 Rc2 19. Bd3 e5 20. Qb4 Rc5
21. Be2 h6 22. Rfe1 a5 23. Qb3 Rd8 24. Rxd8+ Qxd8 25. Bh5 Rc4 26. Rd1 Qc7 27.
Bf3 Rb4 28. Qa3 Nc4 29. Qc3 Rxb2 30. Bh5 Rxa2 31. Rc1 Ra4 32. Qd3 b5 33. Qd5
Rb4 34. Rd1 Nb6 35. Qd6 Qxd6 36. Rxd6 g6 37. Be2 Na4 38. Rc6 Rb3 39. Kg2 Nc3
40. Bd3 a4 41. Bc2 b4 42. Bd3 a3 43. Bc4 Rb2 44. Rxg6+ Kf8 45. Rxh6 a2 46. Ra6
b3 47. Ra8+ Kg7 48. Ra7 Rb1 49. Rxf7+ Kg6 50. f4 exf4 51. e5 Ne4 52. Bf1 0-1

[Event "FRA Team Ch"]
[Site "Montpellier"]
[Date "2001.04.30"]
[Round "10.7"]
[White "Conquest, Stuart"]
[Black "Marciano, David"]
[Result "0-1"]
[WhiteElo "2546"]
[BlackElo "2506"]
[Annotator "Clichy-Monaco"]
[PlyCount "81"]
[EventDate "2001.04.??"]

1. d4 d5 2. c4 e6 3. Nc3 Be7 4. cxd5 exd5 5. Bf4 Nf6 6. e3 Bf5 7. Qb3 Nc6 8.
Nf3 O-O 9. a3 Na5 10. Qa2 c6 11. Rc1 b5 12. Ne5 Rc8 13. Bd3 Bxd3 14. Nxd3 Nc4
15. O-O a5 16. a4 b4 17. Nb1 Nh5 18. Be5 Re8 19. Rfd1 Bg5 20. Nd2 Nxe3 21. fxe3
Bxe3+ 22. Kh1 f6 23. Bg3 Nxg3+ 24. hxg3 Qd6 25. Nf4 g5 26. Nxd5 Qxd5 27. Qxd5+
cxd5 28. Rxc8 Rxc8 29. Nb3 f5 30. Nxa5 Kg7 31. g4 fxg4 32. g3 Rc2 33. b3 Bf2
34. Nb7 Bxg3 35. a5 Ra2 36. Rc1 Bf4 37. Re1 h5 38. Nc5 h4 39. a6 h3 40. Nd3 g3
41. Rb1 0-1

[Event "FRA Team Ch"]
[Site "Montpellier"]
[Date "2001.04.30"]
[Round "10.2"]
[White "Bacrot, Etienne"]
[Black "Koch, Jean-Rene"]
[Result "1-0"]
[WhiteElo "2618"]
[BlackElo "2507"]
[Annotator "Cannes-Mulhouse"]
[PlyCount "59"]
[EventDate "2001.04.??"]

1. d4 f5 2. Nf3 Nf6 3. c4 g6 4. g3 Bg7 5. Bg2 O-O 6. O-O d6 7. Nc3 Qe8 8. Nd5
Nxd5 9. cxd5 Qb5 10. Ng5 a5 11. h4 Na6 12. a3 c6 13. dxc6 bxc6 14. d5 Nc7 15.
dxc6 a4 16. Be3 Ra6 17. Rc1 h6 18. Nh3 Qxb2 19. Nf4 Kh7 20. Qd3 Qb3 21. Rb1
Qxd3 22. Nxd3 e6 23. Bf4 Rd8 24. Nc5 Ra8 25. Nb7 Bxb7 26. cxb7 Rab8 27. Rfc1
Nd5 28. Bxd5 exd5 29. Bxd6 Rxd6 30. Rc8 1-0

[Event "FRA Team Ch"]
[Site "Montpellier"]
[Date "2001.04.30"]
[Round "10.3"]
[White "Marzolo, Cyril"]
[Black "Kazhgaleyev, Murtas"]
[Result "0-1"]
[WhiteElo "2378"]
[BlackElo "2571"]
[Annotator "Mulhouse-Cannes"]
[PlyCount "46"]
[EventDate "2001.04.??"]

1. d4 Nf6 2. c4 g6 3. Nc3 Bg7 4. e4 d6 5. f3 O-O 6. Bg5 c5 7. d5 h6 8. Be3 e6
9. Qd2 exd5 10. cxd5 h5 11. Nge2 Re8 12. Nc1 Nbd7 13. Nd3 b5 14. Nxb5 Nxd5 15.
Bg5 Qb6 16. Nf2 Bb7 17. O-O-O a6 18. Na3 Nb4 19. Kb1 d5 20. exd5 Bxd5 21. Bc4
Bxc4 22. Nxc4 Qe6 23. Rc1 Nb6 0-1

[Event "FRA Team Ch"]
[Site "Montpellier"]
[Date "2001.04.30"]
[Round "10.5"]
[White "Herb, Pascal"]
[Black "Godena, Michele"]
[Result "1/2-1/2"]
[WhiteElo "2312"]
[BlackElo "2474"]
[Annotator "Mulhouse-Cannes"]
[PlyCount "20"]
[EventDate "2001.04.??"]

1. e4 e5 2. Nc3 Nf6 3. Bc4 Nc6 4. d3 Na5 5. Nge2 c6 6. a3 Nxc4 7. dxc4 d6 8.
O-O Be6 9. Qd3 Be7 10. f4 exf4 1/2-1/2

[Event "FRA Team Ch"]
[Site "Montpellier"]
[Date "2001.04.30"]
[Round "10.6"]
[White "Chabanon, Jean-Luc"]
[Black "Libiszewski, Fabien"]
[Result "1-0"]
[WhiteElo "2461"]
[BlackElo "2255"]
[Annotator "Cannes-Mulhouse"]
[PlyCount "83"]
[EventDate "2001.04.??"]

1. c4 g6 2. d4 Nf6 3. Nf3 Bg7 4. g3 O-O 5. Bg2 d6 6. O-O Nc6 7. Nc3 e5 8. d5
Ne7 9. e4 Ne8 10. Ne1 f5 11. Nd3 c5 12. dxc6 bxc6 13. f4 Be6 14. c5 Bc4 15. Re1
fxe4 16. Nxe4 d5 17. Ng5 Bxd3 18. Qxd3 Qa5 19. Bd2 Qxc5+ 20. Kh1 e4 21. Qb3 Qb6
22. Bb4 Nf5 23. Rxe4 Ned6 24. Ree1 Rfe8 25. g4 Nd4 26. Bxd5+ Kh8 27. Qh3 h6 28.
Bxd6 Rxe1+ 29. Rxe1 Qa5 30. Nf7+ Kh7 31. Ng5+ Kh8 32. Re5 cxd5 33. Nf7+ Kh7 34.
Re7 Rc8 35. Ng5+ Kg8 36. Nf3 Rc1+ 37. Ng1 Qxa2 38. Qe3 Rxg1+ 39. Qxg1 Nf3 40.
Qd1 Nh4 41. Qe1 Nf3 42. Rxg7+ 1-0

[Event "FRA Team Ch"]
[Site "Montpellier"]
[Date "2001.04.30"]
[Round "10.9"]
[White "Muller, Anne"]
[Black "Leconte, Maria"]
[Result "1/2-1/2"]
[WhiteElo "2208"]
[BlackElo "2258"]
[Annotator "Mulhouse-Cannes"]
[PlyCount "72"]
[EventDate "2001.04.??"]

1. e4 c5 2. Nf3 Nc6 3. d4 cxd4 4. Nxd4 g6 5. c4 Bg7 6. Be3 Nf6 7. Nc3 d6 8. Be2
O-O 9. O-O Bd7 10. Rc1 Nxd4 11. Bxd4 Bc6 12. f3 Nd7 13. Be3 a5 14. b3 f5 15.
exf5 gxf5 16. Nd5 e5 17. Qd2 f4 18. Bf2 Nc5 19. Nc3 e4 20. Nxe4 Nxe4 21. fxe4
Bxe4 22. Bf3 Bxf3 23. gxf3 Qg5+ 24. Kh1 Qh5 25. Bd4 Bxd4 26. Qxd4 Qe5 27. Rcd1
Rad8 28. Rfe1 Qxd4 29. Rxd4 Rf6 30. Kg2 Rd7 31. Re8+ Kg7 32. h4 Rg6+ 33. Kf2
Rf6 34. Ree4 Rdf7 35. Rd5 b6 36. Rdd4 Kg6 1/2-1/2

[Event "FRA Team Ch"]
[Site "Montpellier"]
[Date "2001.04.30"]
[Round "10.1"]
[White "Beikert, Guenther"]
[Black "Nisipeanu, Liviu-Dieter"]
[Result "1-0"]
[WhiteElo "2443"]
[BlackElo "2596"]
[Annotator "Gonfreville-Montpellier"]
[PlyCount "101"]
[EventDate "2001.04.??"]

1. e4 c5 2. Nf3 d6 3. d4 cxd4 4. Nxd4 Nf6 5. Nc3 a6 6. Bg5 e6 7. f4 Qc7 8. Bxf6
gxf6 9. Be2 Nc6 10. Nxc6 bxc6 11. O-O Be7 12. Kh1 Rb8 13. Bc4 Qa5 14. Bb3 h5
15. Qe2 h4 16. Rad1 Bd7 17. f5 Qe5 18. Qg4 Kf8 19. Rd3 Rb4 20. fxe6 Bxe6 21.
Qe2 a5 22. Bxe6 fxe6 23. b3 Kf7 24. Re3 Rbb8 25. Nd1 Rbg8 26. Nf2 Qh5 27. Rf3
Rg5 28. h3 Rhg8 29. Ng4 Rxg4 30. hxg4 Qxg4 31. R1f2 d5 32. Rf4 Qxe2 33. Rxe2
Rh8 34. Kh2 Bd6 35. e5 Be7 36. Kh3 f5 37. Ra4 Bd8 38. b4 axb4 39. Rxb4 Be7 40.
Rb6 c5 41. g4 hxg3+ 42. Kxg3 Bg5 43. Rg2 Rh4 44. Kf2 Be7 45. Rb7 c4 46. a4 d4
47. a5 d3 48. cxd3 cxd3 49. a6 Ra4 50. a7 f4 51. Kf3 1-0

[Event "FRA Team Ch"]
[Site "Montpellier"]
[Date "2001.04.30"]
[Round "10.2"]
[White "Fressinet, Laurent"]
[Black "Rausis, Igor"]
[Result "0-1"]
[WhiteElo "2581"]
[BlackElo "2525"]
[Annotator "Montpellier-Gonfreville"]
[PlyCount "80"]
[EventDate "2001.04.??"]

1. e4 e5 2. Nf3 Nc6 3. Bb5 a6 4. Bxc6 dxc6 5. O-O f6 6. d4 exd4 7. Nxd4 c5 8.
Nb3 Qxd1 9. Rxd1 Bg4 10. f3 Be6 11. Bf4 c4 12. Nd4 O-O-O 13. Nc3 Bc5 14. Be3
Bxd4 15. Bxd4 Ne7 16. Ne2 b6 17. Bc3 Bf7 18. g4 h5 19. g5 fxg5 20. Bxg7 Rhg8
21. Rxd8+ Rxd8 22. Kf2 Rg8 23. Bf6 Nc6 24. Rg1 g4 25. f4 Re8 26. Nc3 b5 27. Re1
b4 28. Nd5 b3 29. cxb3 cxb3 30. a3 Bxd5 31. exd5 Rxe1 32. Kxe1 Na5 33. Kf2 Nc4
34. Bd4 Nd6 35. Ke2 Kd7 36. Kd3 Nf5 37. Bf2 Ke7 38. Kc4 h4 39. Kxb3 g3 40. hxg3
h3 0-1

[Event "FRA Team Ch"]
[Site "Montpellier"]
[Date "2001.04.30"]
[Round "10.3"]
[White "Gouret, Thierry"]
[Black "Prie, Eric"]
[Result "0-1"]
[WhiteElo "2322"]
[BlackElo "2490"]
[Annotator "Gonfreville-Montpellier"]
[PlyCount "94"]
[EventDate "2001.04.??"]

1. Nf3 d5 2. d4 Nf6 3. Bf4 c5 4. c3 Qb6 5. Qb3 Nc6 6. Nbd2 cxd4 7. Qxb6 axb6 8.
Nxd4 Nxd4 9. cxd4 e6 10. e3 Bd7 11. Bd3 b5 12. Ke2 b4 13. Rhc1 Bc6 14. Nf3 Nd7
15. Ne5 Nxe5 16. Bxe5 Kd7 17. g4 h6 18. h4 f6 19. Bf4 Be7 20. Rg1 g5 21. Bg3
gxh4 22. Bxh4 Ra5 23. Bg3 Rha8 24. Bf4 Rxa2 25. Rxa2 Rxa2 26. Rb1 Bf8 27. Kf3
Bg7 28. Ke2 e5 29. Bg3 e4 30. Bc2 Bb5+ 31. Kd1 Bc4 32. b3 Rxc2 33. Kxc2 Bd3+
34. Kb2 Bxb1 35. Kxb1 Ke6 36. Kc2 f5 37. g5 hxg5 38. Kd2 Bxd4 39. exd4 f4 40.
Bh2 Kf5 41. Ke2 Kg4 42. f3+ exf3+ 43. Kf2 Kf5 44. Kxf3 g4+ 45. Kg2 g3 46. Bg1
Ke4 47. Kh3 Kf3 0-1

[Event "FRA Team Ch"]
[Site "Montpellier"]
[Date "2001.04.30"]
[Round "10.4"]
[White "Flear, Glenn C"]
[Black "Vallin, Guillaume"]
[Result "1-0"]
[WhiteElo "2476"]
[BlackElo "2396"]
[Annotator "Montpellier-Gonfreville"]
[PlyCount "127"]
[EventDate "2001.04.??"]

1. d4 e6 2. c4 Nf6 3. Nf3 d5 4. Nc3 Bb4 5. cxd5 exd5 6. Qa4+ Nc6 7. Bg5 h6 8.
Bxf6 Qxf6 9. e3 O-O 10. Be2 a6 11. O-O Be6 12. Rac1 Bd6 13. Qd1 Ne7 14. Na4 b6
15. b4 Bd7 16. Qb3 a5 17. b5 g5 18. Ne5 Bxe5 19. dxe5 Qxe5 20. Qc3 Qxc3 21.
Rxc3 Rfc8 22. f4 Rab8 23. fxg5 hxg5 24. e4 dxe4 25. Rg3 f5 26. Rxg5+ Kf7 27.
Nc3 Rg8 28. Nxe4 Rxg5 29. Nxg5+ Kf6 30. Nf3 Be6 31. a3 c5 32. bxc6 Nxc6 33. Rd1
Ne5 34. Nd4 Rd8 35. Nxe6 Rxd1+ 36. Bxd1 Kxe6 37. Be2 f4 38. Kf2 Kf5 39. Ke1 Nf7
40. Kd2 Ke4 41. Bd3+ Kd4 42. h4 Ne5 43. Be2 Nf7 44. h5 Nh6 45. a4 Ke4 46. Bf3+
Kd4 47. Bc6 Nf5 48. Bd7 Nh6 49. Ke2 Ke4 50. Bc6+ Kf5 51. Kd3 Kg5 52. Bf3 Nf5
53. Kc4 Nd6+ 54. Kd5 Nf5 55. Kc6 Nd4+ 56. Kxb6 Nxf3 57. gxf3 Kxh5 58. Kxa5 Kh4
59. Kb4 Kg3 60. a5 Kxf3 61. a6 Ke2 62. a7 f3 63. a8=Q f2 64. Qg2 1-0

[Event "FRA Team Ch"]
[Site "Montpellier"]
[Date "2001.04.30"]
[Round "10.5"]
[White "Eliet, Nicolas"]
[Black "Touzane, Olivier"]
[Result "0-1"]
[WhiteElo "2398"]
[BlackElo "2388"]
[Annotator "Gonfreville-Montpellier"]
[PlyCount "72"]
[EventDate "2001.04.??"]

1. d4 Nf6 2. c4 g6 3. Nc3 Bg7 4. Bg5 c5 5. d5 O-O 6. e4 d6 7. Bd3 e6 8. Nge2
exd5 9. cxd5 a6 10. a4 Nbd7 11. O-O Re8 12. h3 Qa5 13. Ng3 h5 14. Ra3 Qc7 15.
Qd2 c4 16. Bb1 Rb8 17. a5 b5 18. axb6 Qxb6 19. Ra2 Nc5 20. Kh1 Nb3 21. Qe2 Qc7
22. f4 Nh7 23. Bh4 a5 24. e5 dxe5 25. f5 e4 26. fxg6 fxg6 27. Ncxe4 Nd4 28. Qd2
Nf5 29. d6 Qc6 30. Nxf5 Bxf5 31. Rxf5 gxf5 32. Ng3 c3 33. Qd3 Re1+ 34. Kh2 Qc5
35. Ne2 Be5+ 36. Bg3 h4 0-1

[Event "FRA Team Ch"]
[Site "Montpellier"]
[Date "2001.04.30"]
[Round "10.6"]
[White "Sarthou, Gaetan"]
[Black "Lefebvre, Herve"]
[Result "1-0"]
[WhiteElo "2365"]
[BlackElo "2173"]
[Annotator "Montpellier-Gonfreville"]
[PlyCount "61"]
[EventDate "2001.04.??"]

1. d4 Nf6 2. Bg5 e6 3. e4 c5 4. d5 d6 5. Nc3 Be7 6. Nf3 O-O 7. Be2 Nxd5 8. Nxd5
Bxg5 9. Nxg5 exd5 10. Qxd5 h6 11. Nxf7 Rxf7 12. Bc4 Qe7 13. O-O-O Nc6 14. Qxf7+
Qxf7 15. Bxf7+ Kxf7 16. Rxd6 Be6 17. Rd2 Rd8 18. Rxd8 Nxd8 19. Kd2 Nc6 20. b3
Kf6 21. Re1 g5 22. f3 b6 23. Rb1 Ke5 24. Ke3 Nb4 25. Rb2 a5 26. g3 Nc6 27. c3
Kf6 28. f4 a4 29. f5 a3 30. Rd2 Bxb3 31. axb3 1-0

[Event "FRA Team Ch"]
[Site "Montpellier"]
[Date "2001.04.30"]
[Round "10.7"]
[White "Gervais, Claire"]
[Black "Letreguilly, Olivier"]
[Result "0-1"]
[WhiteElo "2170"]
[BlackElo "2301"]
[Annotator "Gonfreville-Montpellier"]
[PlyCount "68"]
[EventDate "2001.04.??"]

1. d4 Nf6 2. c4 d6 3. Nc3 c6 4. e4 e5 5. f3 Be7 6. Be3 a6 7. a4 O-O 8. Nge2
Nbd7 9. Ng3 Ne8 10. Qd2 exd4 11. Bxd4 Nc5 12. Qc2 Qb6 13. Be3 Qb4 14. Ra3 a5
15. Be2 Be6 16. Bd2 Qb6 17. Be3 Qa7 18. O-O Bd8 19. Nd1 Bb6 20. Bf2 Na6 21. f4
Rd8 22. f5 Bc8 23. Kh1 Nf6 24. Nh5 Nxh5 25. Bxh5 Bxf2 26. Nxf2 Qd4 27. Rg3 Nc5
28. Ng4 Kh8 29. f6 g6 30. Qc1 Nxe4 31. Rh3 Bxg4 32. Bxg4 Nf2+ 33. Rxf2 Qxf2 34.
Bf3 Rfe8 0-1

[Event "FRA Team Ch"]
[Site "Montpellier"]
[Date "2001.04.30"]
[Round "10.8"]
[White "Milliet, Sophie"]
[Black "Depyl, Pascal"]
[Result "0-1"]
[WhiteElo "2157"]
[BlackElo "2172"]
[Annotator "Montpellier-Gonfreville"]
[PlyCount "60"]
[EventDate "2001.04.??"]

1. e4 d6 2. d4 Nf6 3. Nc3 g6 4. Be3 Bg7 5. Qd2 O-O 6. Bd3 e5 7. dxe5 dxe5 8.
Nf3 Qe7 9. h3 c6 10. a4 Nbd7 11. Bg5 Re8 12. O-O Nc5 13. Rad1 Nxd3 14. Qxd3 h6
15. Be3 Bf8 16. Nd2 Nh5 17. Nc4 Qf6 18. Ne2 g5 19. Qc3 Nf4 20. Rfe1 Kh7 21. b4
b6 22. Bxf4 gxf4 23. Nd6 Bxd6 24. Qxc6 Be7 25. Qxa8 Rg8 26. Qd5 Bxh3 27. g3
fxg3 28. f4 exf4 29. e5 Qf5 30. Rd4 f3 0-1

[Event "FRA Team Ch"]
[Site "Montpellier"]
[Date "2001.04.30"]
[Round "10.9"]
[White "Vaugeois, Cyrille"]
[Black "De la Torre, Igor"]
[Result "1/2-1/2"]
[WhiteElo "2106"]
[BlackElo "2070"]
[Annotator "Gonfreville-Montpellier"]
[PlyCount "39"]
[EventDate "2001.04.??"]

1. e4 c5 2. Nf3 d6 3. d4 cxd4 4. Qxd4 a6 5. Be3 Nf6 6. Nc3 Nc6 7. Qd2 e6 8. h3
Be7 9. a4 O-O 10. Be2 b6 11. Nd4 Bb7 12. O-O Qc7 13. f3 Ne5 14. Nb3 d5 15. a5
b5 16. exd5 Nxd5 17. Nxd5 Bxd5 18. Bb6 Qc6 19. Nd4 Qb7 20. Nb3 1/2-1/2

[Event "FRA Team Ch"]
[Site "Montpellier"]
[Date "2001.04.30"]
[Round "10.1"]
[White "Varga, Peter"]
[Black "Vaisser, Anatoly"]
[Result "1/2-1/2"]
[WhiteElo "2464"]
[BlackElo "2540"]
[Annotator "Strasbourg-Auxerre"]
[PlyCount "29"]
[EventDate "2001.04.??"]

1. d4 Nf6 2. c4 e6 3. Nc3 d5 4. cxd5 exd5 5. Bg5 c6 6. Qc2 Nbd7 7. e3 Be7 8.
Bd3 O-O 9. Nf3 Re8 10. O-O Nf8 11. Ne5 Ng4 12. Bxe7 Qxe7 13. Nxg4 Bxg4 14. Rae1
Rad8 15. f3 1/2-1/2

[Event "FRA Team Ch"]
[Site "Montpellier"]
[Date "2001.04.30"]
[Round "10.2"]
[White "Solozhenkin, Evgeniy"]
[Black "Kallai, Gabor"]
[Result "0-1"]
[WhiteElo "2506"]
[BlackElo "2543"]
[Annotator "Auxerre-Strasbourg"]
[PlyCount "84"]
[EventDate "2001.04.??"]

1. d4 d5 2. c4 c6 3. Nf3 Nf6 4. Nc3 a6 5. c5 Nbd7 6. Bf4 Nh5 7. e3 g6 8. Bd3
Bg7 9. O-O O-O 10. h3 Nxf4 11. exf4 b6 12. cxb6 Qxb6 13. Na4 Qa7 14. Qc2 Bxd4
15. Qxc6 Nc5 16. Nxd4 Nxd3 17. Ne2 Bd7 18. Qxd5 Nxf2 19. Rxf2 Bxa4 20. Nc3 Rad8
21. Qf3 Qd7 22. Nxa4 Qxa4 23. f5 gxf5 24. Qg3+ Kh8 25. Qe5+ f6 26. Qxe7 Qe4 27.
Re1 Qd5 28. Qe6 a5 29. b3 Qxe6 30. Rxe6 Rd5 31. Re7 Kg8 32. Rf4 Rf7 33. Re8+
Kg7 34. Re3 Rc7 35. Rg3+ Kf7 36. Rh4 Ke6 37. Rg8 Rd2 38. a4 Rcc2 39. Rxh7 f4
40. Re8+ Kf5 41. Kf1 Rf2+ 42. Ke1 Rxg2 0-1